000 00389nam a2200145Ia 4500
008 240624s9999 xx 000 0 und d
041 _aeng
082 _a658.3 REE
100 _aREECE BARRY L
245 _aEFFECTIVE HUMAN RELATIONS INTERPERSONAL
250 _a(12th ed.)
260 _c2014
_aNew York
_bSouth-Western Cengage Learning
300 _axxiv, 424 p.; 27 cm.
365 _c
_b26
999 _c30233
_d30233